La historia del tango /

Guardado en:
Autor Principal: Martini, Juan Carlos
Formato: Libro
Publicado: Buenos Aires : Corregidor, 1991
Materias:
Etiquetas: Agregar Etiqueta
Sin Etiquetas, Sea el primero en etiquetar este registro!
LEADER 00722nam a22002175a 4500
001 CEM.cems008960
005 20090918091859.0
008 130507s1991##################000#0#####d
003 CEMS
020 |a 950050751X 
082 0 4 |a 784.4 
100 1 |a Martini, Juan Carlos 
245 1 0 |a La historia del tango /  |c Coordinado Por Juan Carlos Martini 
260 |a Buenos Aires :  |b Corregidor,  |c 1991 
300 |a 286 p. 
505 0 |a El tango y sus dos primeras décadas (1880-1900) / Roberto Selles -- El tango y los lugares y casas de baile / León Benarós 
653 |a Música 
653 |a Tango 
653 |a Historia del tango 
653 |a Tango-historia 
859 |a CEMS  |b BIB. CEMS - 11 de abril  |h 784.4  |i M366  |p 18531.95  |t Ej.1  |v 2  |3 2